00661nam a2200157Ia 450000500170000000800410001708200130005810000140007124500510008526000400013630000130017650001980018994200060038795200950039399900150048820241009032529.0240331s9999 xx 000 0 und d bPERa820 aPerera, I 0aFate of the old devil dancer and other stories aKelaniyabSiriniketha Gardensc1995 a53 p .,  aMost of the stories written here are based on the true incidents recorded at the Coroners Courts in Sri Lanka. The Characters in these stories bear no relationship to any person living or Dead. cL 001040708LaWERCLbWERCLcSSCd2024-03-31l0o 820 PERp5088r2024-03-31w2024-03-31yL c3174d3174